Subsidiary physics Vol II:light magnetism and electricity (Record no. 211676)
[ view plain ]
| 000 -LEADER | |
|---|---|
| fixed length control field | 00488nam a2200169Ia 4500 |
| 008 - FIXED-LENGTH DATA ELEMENTS--GENERAL INFORMATION | |
| fixed length control field | 210719s1943 xx 000 0 und d |
| 041 ## - LANGUAGE CODE | |
| Language code of text/sound track or separate title | eng |
| 082 ## - DEWEY DECIMAL CLASSIFICATION NUMBER | |
| Classification number | 535/178 |
| 100 ## - MAIN ENTRY--PERSONAL NAME | |
| Personal name | SOMASUNDARAM (V);GOVINDARAJAN (S R) |
| 245 ## - TITLE STATEMENT | |
| Title | Subsidiary physics Vol II:light magnetism and electricity |
| 260 ## - PUBLICATION, DISTRIBUTION, ETC. | |
| Place of publication, distribution, etc. | Madras |
| Date of publication, distribution, etc. | 1943 |
| 300 ## - PHYSICAL DESCRIPTION | |
| Extent | 171 |
| Other physical details | HB |
| 365 ## - TRADE PRICE | |
| Currency code | Rs |
| 650 ## - SUBJECT ADDED ENTRY--TOPICAL TERM | |
| Topical term or geographic name entry element | Electricity |
| 650 ## - SUBJECT ADDED ENTRY--TOPICAL TERM | |
| Topical term or geographic name entry element | Electricity |
| 906 ## - LOCAL DATA ELEMENT F, LDF (RLIN) | |
| a | electricity ; II:light ; magnetism ; physics ; Subsidiary ; Vol |
| Withdrawn status | Lost status | Damaged status | Not for loan | Collection code | Home library | Current library | Date acquired | Source of acquisition | Total Checkouts | Full call number | Barcode | Date last seen | Price effective from | Koha item type |
|---|---|---|---|---|---|---|---|---|---|---|---|---|---|---|
| Rare Book | St Aloysius Library | St Aloysius Library | 02/24/2021 | General Annual | 535/178 | 002955 | 07/19/2021 | 07/19/2021 | Book |